000 00549nam a2200205Ia 4500
001 14983
003 GE_BSU
008 181216s||||||||xx |||||||||||||| ||und||
040 _cGE_BSU
080 _a510.22
100 _aБурбаки,Н.
245 _aОсновные структуры анализа ч.1
245 _cПод.ред.В.А. Успенского
260 _aМосква
260 _bМир
260 _c1965
300 _a455стр.22см.
653 _aОсновные структуры анализа
942 _cBK
999 _c48102
_d48102